00997nam a2200265Ia 4500001000700000003000500007008004100012010001100053040000900064090001600073100004000089245015400129260004600283300001000329502006000339650003200399650009700431901001600528902000600544910000900550942000600559942000600565999001900571952014100590Z_2356CHAP220113s1993 xx 000 0 und d a165413 cCHAP aTesis H 866 aHernández Daumas, Salvador953935 aEvaluación del potencial forrajero de especies leñosas nativas de bosques secundarios en el Peten, Guatemala /cpor Salvador Hernández Daumas aTurrialba, Costa Rica :bEl autor,c1993 a96 h. aTesis (Maestro en Ciencias) -- CATIE. Area de Postgrado aForrajes leñosos 9139293 aForrajesxGuatemala I. Centro Agronómico Tropical de Investigación y Enseñanza9139294 aTESIS H 866 aM a1993 c2 c2 c165413d165413 00102local4051708TESISaZbZd2005-11-09eEl autorl0oTesis H47 866 1993p5101001251r2022-01-18 00:00:00tEj.1w2022-01-18yTESIS